[Event "Nordic Youth-ch U11"]
[White "Sakic, Matija"]
[Black "Tran, Sixten"]
[Site "Fredericia"]
[Round "4"]
[Result "1/2-1/2"]
[Date "2020.02.16"]
[WhiteElo "1444"]
[BlackElo "1377"]
[PlyCount "37"]
[EventDate "2020.02.14"]
[EventType "swiss"]
[EventRounds "6"]
[EventCountry "DEN"]
[SourceTitle "EXT 2025"]
[Source "ChessBase"]
[SourceDate "2024.10.14"]
[SourceVersion "1"]
[SourceVersionDate "2024.10.14"]
[SourceQuality "1"]

1. e4 c5 2. Nf3 g6 3. d4 cxd4 4. Nxd4 Nc6 5. Nc3 Bg7 6. Be3 Nf6 7. Be2 0-0 8. Qd2 d5 9. exd5 Nxd5 10. Nxd5 Qxd5 11. Nxc6 Qxc6 12. Bf3 Qc7 13. c3 Bf5 14. Qd5 Rfd8 15. Qc5 Qe5 16. Qxe5 Bxe5 17. 0-0 Rd7 18. Rfd1 Bd6 19. Rd2 1/2-1/2

[Event "Nordic Youth-ch U11"]
[White "Brattgjerd, Isak Vinh"]
[Black "Tran, Sixten"]
[Site "Fredericia"]
[Round "2"]
[Result "1-0"]
[Date "2020.02.14"]
[WhiteElo "1780"]
[BlackElo "1377"]
[PlyCount "111"]
[EventDate "2020.02.14"]
[EventType "swiss"]
[EventRounds "6"]
[EventCountry "DEN"]
[SourceTitle "EXT 2025"]
[Source "ChessBase"]
[SourceDate "2024.10.14"]
[SourceVersion "1"]
[SourceVersionDate "2024.10.14"]
[SourceQuality "1"]

1. d4 Nf6 2. Nc3 d5 3. Bg5 Bf5 4. Bxf6 gxf6 5. e3 Nc6 6. Bd3 Bg6 7. Qf3 Bxd3 8. cxd3 Nb4 9. 0-0-0 e6 10. e4 e5 11. Nxd5 Nxd5 12. exd5 c6 13. dxe5 fxe5 14. Re1 Bg7 15. d4 0-0 16. dxe5 cxd5 17. Kb1 Rc8 18. Qd3 Rc6 19. f4 Qa5 20. Nf3 h6 21. Nd4 Ra6 22. a3 b5 23. Qxb5 Qxb5 24. Nxb5 Rb8 25. Nc7 Rxa3 26. Nxd5 Rab3 27. Re2 a5 28. Rc1 R3b5 29. Rc8+ Rxc8 30. Ne7+ Kh7 31. Nxc8 Bf8 32. Rd2 Rb4 33. g3 a4 34. Nd6 Kg7 35. Ka2 Rb3 36. Rd4 Rf3 37. Rxa4 Rf2 38. h3 Kg6 39. Rd4 Rh2 40. h4 f6 41. f5+ Kh7 42. Ne4 h5 43. Nxf6+ Kh6 44. g4 hxg4 45. Nxg4+ Kh5 46. Nxh2 Bc5 47. e6 Bxd4 48. e7 Bf2 49. e8Q+ Kxh4 50. f6 Bc5 51. Qg6 Kh3 52. Nf1 Kh4 53. f7 Bf8 54. Ne3 Kh3 55. Qg4+ Kh2 56. Qg2# 1-0

[Event "EU-ch U10"]
[White "Shmyrev, Nikolai"]
[Black "Tran, Sixten"]
[Site "Bratislava"]
[Round "2"]
[Result "1-0"]
[Date "2019.08.03"]
[WhiteElo "1086"]
[BlackElo "1516"]
[PlyCount "81"]
[EventDate "2019.08.02"]
[EventType "swiss"]
[EventRounds "9"]
[EventCountry "SVK"]
[SourceTitle "EXT 2020"]
[Source "ChessBase"]
[SourceDate "2019.10.17"]
[SourceVersion "1"]
[SourceVersionDate "2019.10.17"]
[SourceQuality "1"]

1. e4 c5 2. c3 Nf6 3. e5 Nd5 4. d4 cxd4 5. cxd4 e6 6. Nf3 d6 7. Bc4 Nb6 8. Bb3 Nc6 9. 0-0 dxe5 10. dxe5 Nd7 11. Re1 Qc7 12. Bf4 g6 13. Nc3 a6 14. Re2 b5 15. Rc1 Qb8 16. Qe1 Bg7 17. h3 0-0 18. Bg3 a5 19. Bc2 Bh6 20. Rd1 Nb6 21. Be4 Bb7 22. Nxb5 Nb4 23. Bxb7 Qxb7 24. a3 N6d5 25. Nd6 Qb6 26. axb4 Nxb4 27. Qc3 Rfd8 28. Qd4 Qa6 29. Qe4 Ra7 30. Bf4 Bxf4 31. Qxf4 Qxe2 32. Rd2 Qa6 33. Qf6 Nd5 34. Qxd8+ Kg7 35. Qc8 Qb6 36. Ne8+ Kh6 37. Qc1 Nf4 38. Rd4 g5 39. Rxf4 Qb8 40. Rh4+ Kg6 41. Qxg5# 1-0